Súbor ekonomických ukazovateľov v SR za rok 1995

Na minha lista:
Detalhes bibliográficos
Formato: Livro
Idioma:eslovaco
Publicado em: Bratislava Ústav informácií a prognóz školstva 1996
Edição:1. vyd.
Assuntos:
Tags: Adicionar Tag
Sem tags, seja o primeiro a adicionar uma tag!

MARC

LEADER 00000nam a2200000 4500
001 c015816
005 20230112124033.1
041 0 |a slo 
044 |a SK 
245 1 0 |a Súbor ekonomických ukazovateľov v SR za rok 1995 
250 |a 1. vyd. 
264 1 |a Bratislava  |b Ústav informácií a prognóz školstva  |c 1996 
300 |a 89 s. 
610 2 0 |a školstvo 
610 2 0 |a ukazovatele ekonomické 
610 2 0 |a školy 
610 2 0 |a mzdy 
610 2 0 |a organizácie rozpočtové 
610 2 0 |a výdavky rozpočtu štátneho 
610 2 0 |a výdavky 
610 2 0 |a Slovensko 
610 2 0 |a 1995 
610 2 0 |a príjmy 
610 2 0 |a organizácie príspevkové 
610 2 0 |a veda 
610 2 0 |a štatistika